| 000 | 00991nam a22002897a 4500 | ||
|---|---|---|---|
| 003 | CHAP | ||
| 005 | 20220817041946.0 | ||
| 008 | 971013s1961 r 00010 d | ||
| 010 | _a30051 | ||
| 011 | _a31023 | ||
| 035 | _a35135 | ||
| 040 | _cCHAP | ||
| 082 |
_a309.1 _bN32i |
||
| 100 | 0 | 0 |
_aNaciones Unidas. Departamento de Asuntos Económicos y Sociales. _980015 |
| 245 | _aInforme sobre la situación social en el mundo ; con referencia especial al problema del desarrollo social y económico equilibrado | ||
| 260 |
_aNew York : _bNaciones Unidas, _c1961 |
||
| 300 | _a108 p. | ||
| 590 |
_aBATCH-UPD _b10 _c20130110 _lUCH01 _h1026 |
||
| 590 |
_aBATCH-UPD _b10 _c20130410 _lUCH01 _h0630 |
||
| 590 |
_aBATCH-UPD _b10 _c20130914 _lUCH01 _h1026 |
||
| 590 |
_aCONVERSION _b10 _c20130109 _lUCH01 _h1317 |
||
| 650 | 1 | 4 |
_aCondiciones sociales. _926332 |
| 650 | 1 | 4 | _aDesarrollo económico. |
| 901 | _aBK | ||
| 942 | _cLIBRO | ||
| 949 |
_a309.1 N32i _bBC _cLIBRO _d33724000296935 _eLIBRO _i35135 _mD _si |
||
| 999 |
_c30051 _d30051 |
||